[Event "43. Olimpiada Batumi 2018 Femenina"]
[Site "Batumi GEO"]
[Date "2018.10.02"]
[Round "8.1"]
[White "Repkova, Eva"]
[Black "Shvayger, Yuliya"]
[Result "1/2-1/2"]
[WhiteElo "2288"]
[BlackElo "2375"]
[PlyCount "113"]
[EventDate "2018.09.24"]
[EventType "team-swiss"]
[EventRounds "11"]
[EventCountry "GEO"]
[SourceTitle "Ajedrez en Madrid"]
[Source "lmi"]
[SourceDate "2018.09.24"]
[WhiteTeam "Slovakia"]
[BlackTeam "Israel"]
[WhiteTeamCountry "SVK"]
[BlackTeamCountry "ISR"]

1. e4 e6 2. d4 d5 3. Nd2 c5 4. exd5 Qxd5 5. Ngf3 cxd4 6. Bc4 Qd6 7. O-O Nf6 8.
Nb3 Nc6 9. Nbxd4 Nxd4 10. Nxd4 Be7 11. b3 O-O 12. Bb2 Qf4 13. Qf3 Qxf3 14. Nxf3
b6 15. Rfd1 Bb7 16. Ne5 Rfd8 17. Be2 Rac8 18. c4 Bc5 19. Kf1 Ne4 20. f3 Nd6 21.
Bd3 f6 22. Ng4 Nf5 23. Bxf5 exf5 24. Nf2 Bd6 25. h3 Kf7 26. Nd3 g5 27. Rd2 Bf4
28. Rdd1 Bg3 29. Rd2 Bf4 30. Rdd1 Bg3 31. Rd2 h5 32. Rad1 Re8 33. Nb4 Ba8 34.
Rd7+ Kg6 35. Bd4 g4 36. Nd5 Bxd5 37. Rxd5 Re6 38. Bf2 Bxf2 39. Kxf2 Rce8 40.
R5d2 Kg5 41. b4 f4 42. hxg4 hxg4 43. fxg4 Kxg4 44. c5 bxc5 45. bxc5 Rc6 46. Rc2
Re5 47. Rdc1 Rd5 48. Kg1 f5 49. Rc4 Kg5 50. R1c2 Re5 51. Kf2 Rd5 52. Ra4 a6 53.
Rac4 Re5 54. Kf3 Re3+ 55. Kf2 Re5 56. Kf3 Re3+ 57. Kf2 1/2-1/2

[Event "43. Olimpiada Batumi 2018 Femenina"]
[Site "Batumi GEO"]
[Date "2018.10.02"]
[Round "8.2"]
[White "Efroimski, Marsel"]
[Black "Stockova, Zuzana"]
[Result "1-0"]
[WhiteElo "2313"]
[BlackElo "2290"]
[PlyCount "137"]
[EventDate "2018.09.24"]
[EventType "team-swiss"]
[EventRounds "11"]
[EventCountry "GEO"]
[SourceTitle "Ajedrez en Madrid"]
[Source "lmi"]
[SourceDate "2018.09.24"]
[WhiteTeam "Israel"]
[BlackTeam "Slovakia"]
[WhiteTeamCountry "ISR"]
[BlackTeamCountry "SVK"]

1. e4 c5 2. Nf3 Nc6 3. d4 cxd4 4. Nxd4 g6 5. c4 Bg7 6. Be3 Nf6 7. Nc3 O-O 8.
Be2 d6 9. O-O Bd7 10. h3 Nxd4 11. Bxd4 Bc6 12. Qc2 a5 13. Rad1 Nd7 14. Bxg7
Kxg7 15. Bg4 b6 16. Bxd7 Bxd7 17. Qd3 Bc6 18. Qd4+ Kg8 19. e5 dxe5 20. Qxe5 Qe8
21. Qe3 Rb8 22. Rfe1 Rb7 23. Rd4 h5 24. b3 Kg7 25. a4 Qb8 26. Red1 Re8 27. Ne2
Qc8 28. Ng3 f6 29. Qd2 Rb8 30. Nf1 Qf5 31. Ne3 Qc5 32. Qb2 Qe5 33. Qd2 Qc5 34.
Nd5 Kf7 35. Nc7 Rec8 36. Na6 Qf5 37. Nxb8 Rxb8 38. Qe3 g5 39. Qd3 Qxd3 40.
R4xd3 h4 41. Rd8 Rb7 42. f3 Be8 43. Kf2 e6 44. R8d4 Ke7 45. f4 Rb8 46. fxg5
fxg5 47. Ke3 Bc6 48. R1d2 Rf8 49. Rf2 Rg8 50. Rfd2 Rb8 51. Rg4 Rg8 52. g3 hxg3
53. Rxg3 e5 54. Rd1 Ke6 55. Rdg1 Rf8 56. Rxg5 Rf3+ 57. Ke2 Rxb3 58. Rg6+ Kd7
59. Rd1+ Kc7 60. Rg7+ Kc8 61. Rf1 Rb2+ 62. Kd3 Rb3+ 63. Kc2 Rf3 64. Rxf3 Bxf3
65. h4 Kd8 66. Kc3 Bd1 67. Rb7 Bxa4 68. Rxb6 Be8 69. Re6 1-0

[Event "43. Olimpiada Batumi 2018 Femenina"]
[Site "Batumi GEO"]
[Date "2018.10.02"]
[Round "8.3"]
[White "Cibickova, Zuzana"]
[Black "Klinova, Masha"]
[Result "1-0"]
[WhiteElo "2268"]
[BlackElo "2288"]
[PlyCount "203"]
[EventDate "2018.09.24"]
[EventType "team-swiss"]
[EventRounds "11"]
[EventCountry "GEO"]
[SourceTitle "Ajedrez en Madrid"]
[Source "lmi"]
[SourceDate "2018.09.24"]
[WhiteTeam "Slovakia"]
[BlackTeam "Israel"]
[WhiteTeamCountry "SVK"]
[BlackTeamCountry "ISR"]

1. e4 d6 2. d4 Nf6 3. Nc3 e5 4. Nge2 Be7 5. g3 Bg4 6. Bg2 exd4 7. Qxd4 Nc6 8.
Qd1 Ne5 9. f4 Nc6 10. Be3 O-O 11. h3 Bxe2 12. Qxe2 Nd7 13. O-O-O Bf6 14. Nd5
Nb6 15. e5 Be7 16. Rhe1 Nxd5 17. Bxd5 Qc8 18. exd6 Bxd6 19. Qf3 a5 20. a3 Re8
21. h4 Qd7 22. Bxc6 Qxc6 23. Qxc6 bxc6 24. a4 f5 25. Bf2 Kf7 26. h5 Re6 27.
Rxe6 Kxe6 28. Re1+ Kd7 29. Bd4 g6 30. hxg6 hxg6 31. Bc3 g5 32. fxg5 Bxg3 33.
Rf1 f4 34. g6 Ke6 35. g7 Rg8 36. Rh1 f3 37. Rf1 f2 38. Bd4 Kd5 39. Bxf2 Rxg7
40. Bxg3 Rxg3 41. Rf5+ Kc4 42. b3+ Kb4 43. Kb2 Rg2 44. Rf7 Kc5 45. Rxc7 Rh2 46.
Ra7 Kb6 47. Rd7 Kc5 48. Kc3 Rg2 49. Re7 Rh2 50. Kd3 Rh3+ 51. Re3 Rh2 52. Rg3
Rh5 53. Rf3 Rg5 54. Re3 Rh5 55. c3 Rg5 56. Re2 Rh5 57. Kc2 Rg5 58. Kb2 Rh5 59.
Re4 Rh2+ 60. Ka3 Rh3 61. Rc4+ Kb6 62. b4 axb4+ 63. Kxb4 Rh5 64. Re4 Rg5 65. Re6
Rh5 66. Re8 Rh4+ 67. Kb3 Rg4 68. Re5 Rh4 69. a5+ Ka6 70. c4 Rh1 71. Kb4 Rh6 72.
Re8 Rh5 73. Rb8 c5+ 74. Ka4 Rh1 75. Rb6+ Ka7 76. Kb5 Ra1 77. Rh6 Kb7 78. Rh7+
Kc8 79. a6 Kb8 80. Kb6 Rb1+ 81. Kxc5 Ka8 82. Kc6 Ra1 83. Kb5 Rb1+ 84. Kc5 Ra1
85. Kb5 Rb1+ 86. Kc6 Ra1 87. Rh8+ Ka7 88. c5 Rxa6+ 89. Kc7 Rg6 90. Rd8 Rg7+ 91.
Rd7 Rg8 92. c6 Rh8 93. Rd8 Rh7+ 94. Rd7 Rh8 95. Rd8 Rh7+ 96. Kd6 Rh6+ 97. Kc5
Rh5+ 98. Rd5 Rh6 99. Rd7+ Kb8 100. Kb6 Kc8 101. Rg7 Kd8 102. Kb7 1-0

[Event "43. Olimpiada Batumi 2018 Femenina"]
[Site "Batumi GEO"]
[Date "2018.10.02"]
[Round "8.4"]
[White "Gutmakher, Olga"]
[Black "Motycakova, Monika"]
[Result "1-0"]
[WhiteElo "2258"]
[BlackElo "2198"]
[PlyCount "89"]
[EventDate "2018.09.24"]
[EventType "team-swiss"]
[EventRounds "11"]
[EventCountry "GEO"]
[SourceTitle "Ajedrez en Madrid"]
[Source "lmi"]
[SourceDate "2018.09.24"]
[WhiteTeam "Israel"]
[BlackTeam "Slovakia"]
[WhiteTeamCountry "ISR"]
[BlackTeamCountry "SVK"]

1. e4 e5 2. Nf3 Nc6 3. Bc4 Bc5 4. b4 Bxb4 5. c3 Be7 6. d4 Na5 7. Be2 d6 8. Qa4+
c6 9. dxe5 dxe5 10. Nxe5 Nf6 11. O-O b5 12. Qc2 O-O 13. a4 Bb7 14. Nd2 Qc7 15.
Nef3 a6 16. Bb2 Rfe8 17. Bd3 h6 18. e5 Nd7 19. c4 b4 20. Bh7+ Kh8 21. Rfe1 Nf8
22. e6 fxe6 23. Bg6 c5 24. Ne5 Nc6 25. Nf7+ Kg8 26. Nxh6+ gxh6 27. Bh7+ Kf7 28.
Rxe6 Qf4 29. Re4 Qg5 30. Nf3 Nd4 31. Nxg5+ Bxg5 32. Rxd4 cxd4 33. Qf5+ Bf6 34.
Bxd4 Re6 35. Bg8+ Kxg8 36. Bxf6 Be4 37. Qg4+ Bg6 38. Bb2 Ra7 39. Qd4 Rae7 40.
h4 h5 41. Kh2 a5 42. Rd1 Kf7 43. Qf4+ Kg8 44. Rd8 Re8 45. Qd4 1-0

[Event "43. Olimpiada Batumi 2018 Femenina"]
[Site "Batumi GEO"]
[Date "2018.10.02"]
[Round "8.1"]
[White "Janzelj, Lara"]
[Black "Wang, Chengjia"]
[Result "1-0"]
[WhiteElo "2254"]
[BlackElo "2050"]
[PlyCount "99"]
[EventDate "2018.09.24"]
[EventType "team-swiss"]
[EventRounds "11"]
[EventCountry "GEO"]
[SourceTitle "Ajedrez en Madrid"]
[Source "lmi"]
[SourceDate "2018.09.24"]
[WhiteTeam "Slovenia"]
[BlackTeam "South Korea"]
[WhiteTeamCountry "SLO"]

1. Nf3 Nf6 2. c4 e6 3. d4 Bb4+ 4. Nbd2 O-O 5. a3 Bxd2+ 6. Qxd2 d6 7. g3 Qe7 8.
Bg2 e5 9. O-O Nbd7 10. dxe5 Nxe5 11. Qc2 Nxf3+ 12. Bxf3 Bh3 13. Re1 Rab8 14. b4
Rfe8 15. Bb2 Ne4 16. Rad1 f5 17. Qd3 Qf7 18. Qd4 a6 19. Bh5 Qe7 20. Bxe8 Rxe8
21. f3 Ng5 22. Bc1 Nf7 23. Qh4 Qxh4 24. gxh4 Ne5 25. c5 Re6 26. Kf2 f4 27. cxd6
cxd6 28. Bxf4 Nc4 29. Rd3 d5 30. Kg3 Bf5 31. Rxd5 Rg6+ 32. Kf2 Bh3 33. Rg1 Rxg1
34. Kxg1 Nxa3 35. Rd8+ Kf7 36. Rb8 b5 37. Rb7+ Kf6 38. Rb6+ Be6 39. Bg5+ Kf7
40. Rxa6 Nc2 41. Bd2 Nd4 42. Kf2 Nf5 43. h5 h6 44. Bc3 Ne7 45. e4 Bc4 46. Ra7
Kf8 47. Bxg7+ Kxg7 48. Rxe7+ Kf6 49. Rc7 Kg5 50. Rxc4 1-0

[Event "43. Olimpiada Batumi 2018 Femenina"]
[Site "Batumi GEO"]
[Date "2018.10.02"]
[Round "8.2"]
[White "Eynula, Roza"]
[Black "Krivec, Jana"]
[Result "1/2-1/2"]
[WhiteElo "2030"]
[BlackElo "2185"]
[PlyCount "61"]
[EventDate "2018.09.24"]
[EventType "team-swiss"]
[EventRounds "11"]
[EventCountry "GEO"]
[SourceTitle "Ajedrez en Madrid"]
[Source "lmi"]
[SourceDate "2018.09.24"]
[WhiteTeam "South Korea"]
[BlackTeam "Slovenia"]
[BlackTeamCountry "SLO"]

1. d4 f5 2. c4 Nf6 3. Nc3 e6 4. Nf3 d6 5. g3 Be7 6. Bg2 O-O 7. O-O Ne4 8. Nxe4
fxe4 9. Nd2 d5 10. f3 Nc6 11. fxe4 Rxf1+ 12. Nxf1 dxc4 13. Be3 Bd7 14. Qc2 b5
15. a4 a6 16. e5 Nb4 17. Qe4 Nd5 18. Qg4 Nxe3 19. Nxe3 Rb8 20. Be4 Bg5 21. Ng2
bxa4 22. Rf1 Qe7 23. h4 Bd2 24. e3 Rxb2 25. d5 c3 26. dxe6 Bxe6 27. Qh5 g6 28.
Bxg6 hxg6 29. Qxg6+ Kh8 30. Qh6+ Kg8 31. Qg6+ 1/2-1/2

[Event "43. Olimpiada Batumi 2018 Femenina"]
[Site "Batumi GEO"]
[Date "2018.10.02"]
[Round "8.3"]
[White "Kaps, Darja"]
[Black "Lee, Seyeon"]
[Result "0-1"]
[WhiteElo "2148"]
[BlackElo "1727"]
[PlyCount "106"]
[EventDate "2018.09.24"]
[EventType "team-swiss"]
[EventRounds "11"]
[EventCountry "GEO"]
[SourceTitle "Ajedrez en Madrid"]
[Source "lmi"]
[SourceDate "2018.09.24"]
[WhiteTeam "Slovenia"]
[BlackTeam "South Korea"]
[WhiteTeamCountry "SLO"]

1. e4 e5 2. Nc3 Nf6 3. g3 Bc5 4. Bg2 d6 5. Nge2 O-O 6. O-O a6 7. h3 Nc6 8. Kh2
Ne8 9. d3 f5 10. f4 exf4 11. Bxf4 Nf6 12. d4 Bb6 13. e5 dxe5 14. dxe5 Qxd1 15.
Raxd1 Nd7 16. Bd5+ Kh8 17. e6 Nf6 18. Bb3 Re8 19. Bg5 Bxe6 20. Bxf6 gxf6 21.
Bxe6 Rxe6 22. Rxf5 Rd8 23. Rxd8+ Nxd8 24. Nf4 Rc6 25. a4 Bd4 26. Rd5 Rd6 27.
Rxd6 cxd6 28. Nd1 Kg7 29. Kg2 Kf7 30. Kf3 Ne6 31. c3 Ba7 32. b4 Nxf4 33. gxf4
Ke6 34. Ke4 d5+ 35. Kf3 b5 36. axb5 axb5 37. Nb2 d4 38. cxd4 Bxd4 39. Nd3 Kd5
40. f5 Bc3 41. Nf4+ Kc4 42. Ke4 Bxb4 43. h4 Bc3 44. Nd5 b4 45. Ne3+ Kc5 46. Kd3
Be5 47. Nc4 Bc3 48. Ne3 Kd6 49. Nc4+ Kd5 50. h5 h6 51. Ne3+ Ke5 52. Kc4 Kf4 53.
Kd3 Kg5 0-1

[Event "43. Olimpiada Batumi 2018 Femenina"]
[Site "Batumi GEO"]
[Date "2018.10.02"]
[Round "8.4"]
[White "Kim, Yubin"]
[Black "Vidic, Teja"]
[Result "0-1"]
[WhiteElo "1671"]
[BlackElo "2116"]
[PlyCount "102"]
[EventDate "2018.09.24"]
[EventType "team-swiss"]
[EventRounds "11"]
[EventCountry "GEO"]
[SourceTitle "Ajedrez en Madrid"]
[Source "lmi"]
[SourceDate "2018.09.24"]
[WhiteTeam "South Korea"]
[BlackTeam "Slovenia"]
[BlackTeamCountry "SLO"]

1. e4 e5 2. Nf3 Nc6 3. Nc3 Nf6 4. d4 exd4 5. Nxd4 Bb4 6. Nxc6 bxc6 7. Bd3 O-O
8. O-O Re8 9. Bg5 h6 10. Bh4 Rb8 11. f4 Be7 12. b3 d6 13. Qf3 Nd7 14. Bxe7 Qxe7
15. Rae1 Nc5 16. Bc4 Bd7 17. h3 Qf6 18. Kh2 Re7 19. Re2 Rbe8 20. g3 h5 21. b4
Ne6 22. Rd2 Qh6 23. Rff2 Nf8 24. Kg2 Qf6 25. Kh2 d5 26. e5 Qf5 27. Bf1 f6 28.
Qe3 fxe5 29. Qxa7 Ne6 30. fxe5 Qxe5 31. Nd1 Ng5 32. Rde2 Ne4 33. Rf3 h4 34. Kg1
hxg3 35. Ree3 Qh5 36. Qxc7 Bg4 37. Qf4 Bxf3 38. Rxf3 Nd2 39. Rxg3 Qxd1 40. Rd3
Qxf1+ 41. Qxf1 Nxf1 42. Kxf1 Re1+ 43. Kf2 R8e2+ 44. Kf3 Rxc2 45. a4 Ra1 46. b5
Rxa4 47. bxc6 Rxc6 48. Rxd5 Rc3+ 49. Ke2 Ra2+ 50. Kd1 Rxh3 51. Kc1 Rh1+ 0-1

[Event "43. Olimpiada Batumi 2018 Femenina"]
[Site "Batumi GEO"]
[Date "2018.10.02"]
[Round "8.1"]
[White "Sihite, Chelsie Monica Igne"]
[Black "Terao, Juliana Sayumi"]
[Result "0-1"]
[WhiteElo "2244"]
[BlackElo "2255"]
[PlyCount "188"]
[EventDate "2018.09.24"]
[EventType "team-swiss"]
[EventRounds "11"]
[EventCountry "GEO"]
[SourceTitle "Ajedrez en Madrid"]
[Source "lmi"]
[SourceDate "2018.09.24"]
[WhiteTeam "Indonesia"]
[BlackTeam "Brazil"]
[WhiteTeamCountry "INA"]
[BlackTeamCountry "BRA"]

1. e4 e5 2. Nf3 Nc6 3. Bc4 Nf6 4. d3 h6 5. Bb3 d6 6. c3 g5 7. h4 g4 8. Ng1 Qe7
9. Ne2 Be6 10. Ba4 Bg7 11. Ng3 O-O 12. Nd2 d5 13. Bxc6 bxc6 14. Qa4 Bd7 15. Qa5
Be6 16. b3 Rfb8 17. Ba3 Qd8 18. c4 a6 19. Rc1 Ne8 20. Ndf1 Qd7 21. Ne3 Rd8 22.
O-O Bf6 23. Nef5 dxe4 24. dxe4 Qd2 25. Qc5 Nd6 26. Nh5 Bh8 27. Ne7+ Kh7 28.
Qxc6 Qxa2 29. Qa4 Nxe4 30. Nd5 Nd2 31. Nhf6+ Bxf6 32. Nxf6+ Kg6 33. h5+ Kg5 34.
Qa5 c5 35. Ra1 Qxb3 36. Bc1 Kxf6 37. Bxd2 Qxc4 38. Rfe1 Rd3 39. Be3 Rd5 40.
Rac1 Qb4 41. Qa1 a5 42. Rb1 Qc4 43. Rbc1 Qb4 44. Rb1 Qc4 45. Bxh6 Rh8 46. Bg5+
Kf5 47. Be3 Rxh5 48. Qxa5 Kf6 49. Qa8 Qc2 50. Qg8 Qd3 51. Rb6 Qg6 52. Qxg6+
Kxg6 53. Rc6 c4 54. Rxc4 Rd8 55. Rc5 Rdh8 56. Kf1 Bf5 57. Ke2 f6 58. Kd2 Be4
59. g3 Rd8+ 60. Kc3 Rh7 61. Rb5 Rc7+ 62. Bc5 Rdc8 63. Kb4 Bd3 64. Ra5 Rb8+ 65.
Ka3 Rcb7 66. Rc1 Rb3+ 67. Ka2 Be4 68. Ka1 Rc8 69. Re1 Bf5 70. Be3 Rcb8 71. Rh1
Bd3 72. Ra4 R3b4 73. Rh6+ Kf5 74. Rxb4 Rxb4 75. Ka2 Rc4 76. Kb3 Rc6 77. Kb4 Ke4
78. Bc5 Kf3 79. Be3 Rc4+ 80. Kb3 f5 81. Re6 Re4 82. Kc3 Rxe3 83. fxe3 Kxe3 84.
Rxe5+ Be4 85. Re7 Kf3 86. Kd4 Kxg3 87. Ra7 Kf4 88. Ra3 g3 89. Ra1 g2 90. Rg1
Kf3 91. Ra1 Kf2 92. Ra2+ Kg3 93. Ra1 Kh2 94. Ra2 Kh1 0-1

[Event "43. Olimpiada Batumi 2018 Femenina"]
[Site "Batumi GEO"]
[Date "2018.10.02"]
[Round "8.2"]
[White "Alboredo, Julia"]
[Black "Fisabilillah, Ummi"]
[Result "0-1"]
[WhiteElo "2174"]
[BlackElo "2227"]
[PlyCount "138"]
[EventDate "2018.09.24"]
[EventType "team-swiss"]
[EventRounds "11"]
[EventCountry "GEO"]
[SourceTitle "Ajedrez en Madrid"]
[Source "lmi"]
[SourceDate "2018.09.24"]
[WhiteTeam "Brazil"]
[BlackTeam "Indonesia"]
[WhiteTeamCountry "BRA"]
[BlackTeamCountry "INA"]

1. e4 e6 2. d4 d5 3. Bd3 dxe4 4. Bxe4 Nf6 5. Bf3 c5 6. Ne2 Nc6 7. Be3 e5 8.
Bxc6+ bxc6 9. dxe5 Qxd1+ 10. Kxd1 Ng4 11. Nd2 Ba6 12. Ke1 Nxe5 13. f3 Be7 14.
Ng3 g6 15. Nge4 O-O-O 16. Rd1 Rhe8 17. Kf2 f5 18. Nc3 g5 19. g3 Ng6 20. Nb3 Bf6
21. Nxc5 Bc4 22. Nb3 Rxd1 23. Rxd1 Bxc3 24. bxc3 f4 25. Bd4 Re2+ 26. Kg1 Rxc2
27. Bf6 Bd5 28. Nd4 Rxc3 29. Re1 Kd7 30. Bxg5 fxg3 31. hxg3 Bxf3 32. Rb1 Be4
33. Rb3 Rxb3 34. Nxb3 Bd5 35. Nc1 Ke6 36. Be3 a6 37. a3 Bc4 38. Kf2 Ne5 39. Bf4
Ng4+ 40. Ke1 Kd5 41. Kd2 Nf6 42. Bc7 Kd4 43. Bf4 Ne4+ 44. Kc2 Kd5 45. Bc7 h5
46. Bf4 Kd4 47. a4 Nc5 48. a5 Ne4 49. Kb2 Nf6 50. Bb8 Ne4 51. Bf4 Kc5 52. Ka3
Kb5 53. Bc7 c5 54. Kb2 Nf6 55. Kc2 Kc6 56. Be5 Ne4 57. Bf4 Kd5 58. Kb2 Ke6 59.
Bc7 Kf5 60. Bd8 Nxg3 61. Kc3 Bb5 62. Nb3 Ne4+ 63. Kc2 Ba4 64. Kb2 Bxb3 65. Kxb3
Ke6 66. Kc4 Kd6 67. Bh4 Kc6 68. Be7 Nd6+ 69. Kc3 Kd5 0-1

[Event "43. Olimpiada Batumi 2018 Femenina"]
[Site "Batumi GEO"]
[Date "2018.10.02"]
[Round "8.3"]
[White "Anisa, Aay Aisyah"]
[Black "Librelato, Kathie Goulart"]
[Result "0-1"]
[WhiteElo "1968"]
[BlackElo "2110"]
[PlyCount "84"]
[EventDate "2018.09.24"]
[EventType "team-swiss"]
[EventRounds "11"]
[EventCountry "GEO"]
[SourceTitle "Ajedrez en Madrid"]
[Source "lmi"]
[SourceDate "2018.09.24"]
[WhiteTeam "Indonesia"]
[BlackTeam "Brazil"]
[WhiteTeamCountry "INA"]
[BlackTeamCountry "BRA"]

1. e4 e5 2. Nf3 Nc6 3. d4 exd4 4. Nxd4 Nf6 5. Nc3 Bb4 6. Nxc6 bxc6 7. Bd3 d5 8.
exd5 O-O 9. O-O cxd5 10. Bg5 c6 11. Qf3 h6 12. Bf4 Re8 13. h3 Bd6 14. Ne2 Rb8
15. b3 c5 16. Ng3 Bxf4 17. Qxf4 Rb4 18. Qf3 Qc7 19. Rfe1 Be6 20. Nf5 Rf4 21.
Qg3 Bxf5 22. Bxf5 Re5 23. Rxe5 Qxe5 24. Rf1 Rxf5 25. Qd3 Qe4 26. Qd2 Re5 27. a4
d4 28. b4 Nd5 29. bxc5 Nf4 30. f3 Qe3+ 31. Qxe3 dxe3 32. Re1 Ne6 33. c6 Rc5 34.
Rxe3 Rxc2 35. f4 Rxc6 36. f5 Nc7 37. Rd3 Kf8 38. Kf2 Ke7 39. Ke3 Rc4 40. Ra3 a5
41. g4 Nd5+ 42. Kf3 Rc3+ 0-1

[Event "43. Olimpiada Batumi 2018 Femenina"]
[Site "Batumi GEO"]
[Date "2018.10.02"]
[Round "8.4"]
[White "Rothebarth, Ana Vitoria de Paul"]
[Black "Edithso, Samantha"]
[Result "0-1"]
[WhiteElo "2063"]
[BlackElo "1805"]
[PlyCount "153"]
[EventDate "2018.09.24"]
[EventType "team-swiss"]
[EventRounds "11"]
[EventCountry "GEO"]
[SourceTitle "Ajedrez en Madrid"]
[Source "lmi"]
[SourceDate "2018.09.24"]
[WhiteTeam "Brazil"]
[BlackTeam "Indonesia"]
[WhiteTeamCountry "BRA"]
[BlackTeamCountry "INA"]

1. e4 c5 2. Nf3 d6 3. Bb5+ Bd7 4. Bxd7+ Nxd7 5. O-O Ngf6 6. Qe2 e5 7. c3 Be7 8.
d4 cxd4 9. cxd4 O-O 10. Nc3 Re8 11. d5 Rc8 12. Be3 a6 13. Nd2 Nf8 14. f4 exf4
15. Rxf4 Ng6 16. Rf2 Qd7 17. h3 b5 18. a3 Bd8 19. Bd4 Ba5 20. Qd3 Ne5 21. Qg3
Qd8 22. Raf1 Nh5 23. Qe3 Qh4 24. Nf3 Qd8 25. Nd2 Qh4 26. Nf3 Qd8 27. b4 Bc7 28.
Nd2 Qh4 29. Ne2 Bd8 30. Nf3 Nxf3+ 31. Qxf3 Nf6 32. Ng3 Rc4 33. Be3 Rc3 34. Rc1
Rxc1+ 35. Bxc1 Bb6 36. Be3 Bxe3 37. Qxe3 Nxd5 38. Qa7 Nf6 39. Rf3 Qg5 40. Qxa6
Qe5 41. Qb7 h6 42. Kh2 g6 43. Kh1 Kg7 44. Rd3 h5 45. Rf3 h4 46. Nf1 Re7 47. Qc8
Nxe4 48. Qg4 Qg5 49. Ne3 Qxg4 50. Nxg4 f5 51. Nf2 Nd2 52. Rd3 Re2 53. Kg1 Re1+
54. Kh2 Nf1+ 55. Kg1 Ng3+ 56. Kh2 Rf1 57. Rf3 d5 58. Rf4 d4 59. Rxh4 Rxf2 60.
Kxg3 Rd2 61. Rf4 Kf6 62. Rf1 Rd3+ 63. Kf2 Rxa3 64. Rc1 Rc3 65. Ra1 Rb3 66. Ke2
Rxb4 67. Kd3 Ra4 68. Rb1 Kg5 69. Rxb5 Kf4 70. Rb2 g5 71. Rc2 Rb4 72. Ra2 Kg3
73. Rc2 g4 74. hxg4 fxg4 75. Ke4 Kh2 76. Rd2 g3 77. Ra2 0-1

[Event "43. Olimpiada Batumi 2018 Femenina"]
[Site "Batumi GEO"]
[Date "2018.10.02"]
[Round "8.1"]
[White "Houska, Jovanka"]
[Black "Botsari, Anna-Maria"]
[Result "1-0"]
[WhiteElo "2402"]
[BlackElo "2252"]
[PlyCount "83"]
[EventDate "2018.09.24"]
[EventType "team-swiss"]
[EventRounds "11"]
[EventCountry "GEO"]
[SourceTitle "Ajedrez en Madrid"]
[Source "lmi"]
[SourceDate "2018.09.24"]
[WhiteTeam "England"]
[BlackTeam "Greece"]
[WhiteTeamCountry "ENG"]
[BlackTeamCountry "GRE"]

1. d4 Nf6 2. c4 e6 3. Nf3 b6 4. g3 Bb7 5. Bg2 Be7 6. O-O O-O 7. Bf4 Na6 8. Nc3
Ne4 9. Nxe4 Bxe4 10. Rc1 Qc8 11. a3 c5 12. d5 exd5 13. cxd5 d6 14. Nd2 Bxg2 15.
Kxg2 g5 16. Be3 Qf5 17. Nb1 Nc7 18. Nc3 Bf6 19. Qd2 Rfe8 20. Qc2 Qxc2 21. Rxc2
b5 22. Bc1 a5 23. f3 Bxc3 24. bxc3 Re5 25. h4 h6 26. hxg5 hxg5 27. c4 bxc4 28.
e4 c3 29. Rxc3 f5 30. Rc4 g4 31. exf5 gxf3+ 32. Rxf3 Nxd5 33. g4 Rae8 34. Kg3
Nf6 35. g5 Ne4+ 36. Kg4 d5 37. Rc2 d4 38. Rh2 c4 39. Rfh3 Kf8 40. Bf4 Rd5 41.
Rh8+ Ke7 42. f6+ 1-0

[Event "43. Olimpiada Batumi 2018 Femenina"]
[Site "Batumi GEO"]
[Date "2018.10.02"]
[Round "8.2"]
[White "Avramidou, Anastasia"]
[Black "Ciuksyte, Dagne"]
[Result "1/2-1/2"]
[WhiteElo "2260"]
[BlackElo "2308"]
[PlyCount "99"]
[EventDate "2018.09.24"]
[EventType "team-swiss"]
[EventRounds "11"]
[EventCountry "GEO"]
[SourceTitle "Ajedrez en Madrid"]
[Source "lmi"]
[SourceDate "2018.09.24"]
[WhiteTeam "Greece"]
[BlackTeam "England"]
[WhiteTeamCountry "GRE"]
[BlackTeamCountry "ENG"]

1. d4 Nf6 2. c4 e6 3. Nc3 Bb4 4. e3 O-O 5. Nge2 Re8 6. a3 Bf8 7. Ng3 d5 8. cxd5
exd5 9. Bd3 a5 10. O-O b6 11. Re1 Bb7 12. Bd2 Nbd7 13. Rc1 Ne4 14. Ncxe4 dxe4
15. Bb5 Re6 16. Bc4 Rf6 17. Qb3 Bd6 18. Red1 Qe7 19. Bd5 c6 20. Bc4 b5 21. Be2
Nb6 22. Qc2 Bxg3 23. hxg3 Nd5 24. Re1 a4 25. f3 exf3 26. Bxf3 Qd6 27. Rf1 Qxg3
28. Bxd5 Rxf1+ 29. Rxf1 cxd5 30. Qc5 Qg6 31. Qxb5 Bc6 32. Qb6 h5 33. Rc1 Rc8
34. Be1 Qe6 35. Rc3 Kh7 36. b3 axb3 37. Qxb3 Bd7 38. Rxc8 Bxc8 39. a4 Ba6 40.
Qb1+ g6 41. Bf2 Be2 42. a5 Kg7 43. Qe1 Qg4 44. Bg3 g5 45. Be5+ f6 46. Bd6 h4
47. Kh2 Bd3 48. Qd2 Be4 49. Qf2 Qd7 50. Bb8 1/2-1/2

[Event "43. Olimpiada Batumi 2018 Femenina"]
[Site "Batumi GEO"]
[Date "2018.10.02"]
[Round "8.3"]
[White "Head, Louise"]
[Black "Pavlidou, Ekaterini"]
[Result "1/2-1/2"]
[WhiteElo "2161"]
[BlackElo "2194"]
[PlyCount "105"]
[EventDate "2018.09.24"]
[EventType "team-swiss"]
[EventRounds "11"]
[EventCountry "GEO"]
[SourceTitle "Ajedrez en Madrid"]
[Source "lmi"]
[SourceDate "2018.09.24"]
[WhiteTeam "England"]
[BlackTeam "Greece"]
[WhiteTeamCountry "ENG"]
[BlackTeamCountry "GRE"]

1. d4 Nf6 2. c4 e6 3. Nf3 b6 4. a3 Bb7 5. Nc3 d5 6. cxd5 exd5 7. Bg5 Be7 8.
Qa4+ c6 9. Ne5 O-O 10. e3 Nfd7 11. Bxe7 Qxe7 12. Nf3 Re8 13. Bd3 c5 14. Qc2 g6
15. O-O a6 16. dxc5 Nxc5 17. Be2 Nbd7 18. Rfd1 Nf6 19. Nd4 Rac8 20. Rac1 Red8
21. Qb1 h5 22. h3 Kg7 23. b4 Ncd7 24. Na4 Qd6 25. Rxc8 Rxc8 26. Rc1 Ne5 27.
Rxc8 Bxc8 28. Qc1 Bd7 29. Nb2 b5 30. Nd3 Nc4 31. Nc5 Ne8 32. Qc3 f6 33. Bd1 Nc7
34. Bc2 Be8 35. f4 Bf7 36. g4 hxg4 37. hxg4 Ne8 38. Kg2 Kg8 39. Nf3 Qe7 40. Kf2
a5 41. Nh4 f5 42. g5 d4 43. exd4 axb4 44. axb4 Qd6 45. Kg3 Ng7 46. Bd1 Bd5 47.
Qe1 Bc6 48. Qf2 Kh7 49. Ng2 Qe7 50. Bf3 Be4 51. Qe2 Nd6 52. Ne1 Qf7 53. Qf2
1/2-1/2

[Event "43. Olimpiada Batumi 2018 Femenina"]
[Site "Batumi GEO"]
[Date "2018.10.02"]
[Round "8.4"]
[White "Markantonaki, Haritomeni"]
[Black "Maroroa, Sue"]
[Result "1/2-1/2"]
[WhiteElo "2149"]
[BlackElo "2112"]
[PlyCount "117"]
[EventDate "2018.09.24"]
[EventType "team-swiss"]
[EventRounds "11"]
[EventCountry "GEO"]
[SourceTitle "Ajedrez en Madrid"]
[Source "lmi"]
[SourceDate "2018.09.24"]
[WhiteTeam "Greece"]
[BlackTeam "England"]
[WhiteTeamCountry "GRE"]
[BlackTeamCountry "ENG"]

1. e4 e5 2. Nf3 Nc6 3. Bb5 a6 4. Ba4 d6 5. Bxc6+ bxc6 6. d4 exd4 7. Nxd4 c5 8.
Nc6 Qd7 9. Na5 Qa4 10. Qd5 Rb8 11. Qc6+ Qxc6 12. Nxc6 Rb6 13. Na5 g6 14. Nc3
Be6 15. b3 Bg7 16. Bb2 Nf6 17. O-O-O O-O 18. f4 Ng4 19. Rde1 h5 20. h3 Nh6 21.
Rhf1 Ra8 22. Nd5 Bxb2+ 23. Kxb2 Bxd5 24. exd5 Kf8 25. Nc6 h4 26. Re4 Re8 27.
Rxe8+ Kxe8 28. Re1+ Kf8 29. Kc3 Ng8 30. Kd3 Nf6 31. c4 a5 32. Kc3 Ra6 33. Kb2
a4 34. bxa4 Rxa4 35. Kb3 Ra6 36. a4 Nh5 37. Rf1 Ng3 38. Rf3 Nf5 39. a5 Ra8 40.
Ka4 Ne7 41. Re3 Nf5 42. Rb3 Ke8 43. Kb5 Kd7 44. a6 Nd4+ 45. Nxd4 cxd4 46. Ra3
Kc8 47. Rd3 Rb8+ 48. Ka4 Rb1 49. Rxd4 Ra1+ 50. Kb3 Rxa6 51. f5 g5 52. Re4 Ra1
53. Re7 Rg1 54. Rxf7 Rxg2 55. Kb4 Rb2+ 56. Ka5 Ra2+ 57. Kb5 Rb2+ 58. Ka4 Ra2+
59. Kb5 1/2-1/2